000 01008pam a2200301 a 4500
999 _c43882
_d43882
001 2370176
005 20181001155515.0
008 840822s1985 inua b s001 0 eng
010 _a 84042841
020 _a0253325757
020 _a0253203554
100 1 _aMosse, George L.
_q(George Lachmann),
_d1918-
245 1 0 _aGerman Jews beyond Judaism /
_cGeorge L. Mosse.
260 _aBloomington :
_bIndiana University Press ;
_aCincinnati :
_bHebrew Union College Press,
_cc1985.
300 _aix, 98 p. :
_bill. ;
_c25 cm.
336 _atext
337 _aunmediated
338 _avolume
490 1 _aThe Modern Jewish experience
500 _aBased on the author's Efroymson lectures at Hebrew Union College.
500 _aIncludes index.
504 _aBibliography: p. 83-93.
650 0 _aJews
_zGermany
_xIntellectual life.
651 0 _aGermany
_xIntellectual life.
651 0 _aGermany
_xEthnic relations.
830 0 _aModern Jewish experience (Bloomington, Ind.)
942 _2lcc
_cBK